01030 a2200181 45000010006000000050017000060080041000230030015000640400040000790800109001192450053002282640041002813000019003225050446003410410008007871000029007957000024008244269120260407155714.0260407a1977 arg spa dAR-UNSa-BCEJYS aAR-UNSa-BCEJYSbspacAR-UNSa-BCEJYS a339.9xEconomía internacional en general. Relaciones económicas internacionales. Economía mundial 10aTeoría y problemas de economía internacional 1aMéxico :bLibros McGraw-Hillc1977 a190 p.c27 cm. aTablas de Materias: 1. Introducción - 2. La teoría del comercio internacional la oferta - 3. La teoría del comercio internacional demanda y oferta - 4. Factores dinámicos en el comecio internacional. Crecimiento y desarrollo - 5. Resticciones al comercio: Aranceles - 6. La balanza de pagos - 7. El mercado de divisas - 8. Ajustes automatios de la balanza de pagos - 9. Políticas de ajuste - 10. El sistema monetario internacional  aspa1 aStevenson, Haroldo Calvo1 aSalvatore, Dominick